| 000 | 00360nam a2200157Ia 4500 | ||
|---|---|---|---|
| 008 | 221030s9999 xx 000 0 und d | ||
| 041 | _aEnglish | ||
| 082 |
_a105.23 _bSin |
||
| 100 | _aK. P. Sinha | ||
| 245 | 0 | _aFoundry Technology | |
| 260 |
_bStandard Pub _aNew Delhi _c1991 |
||
| 300 | _a270 | ||
| 650 | _aMechanical | ||
| 700 | _aD. B. Goel | ||
| 942 | _cBK | ||
| 999 |
_c7022 _d7022 |
||